000 00349nam a2200145Ia 4500
008 230711s9999||||xx |||||||||||||| ||und||
041 _aENG
082 _a720
_bTA-I
100 _aTapkary,RH
245 0 _aIntroduction to modern iron making
250 _a2nd
260 _c1992
_aNew Delhi
_bKhanna Publishers
650 _aArchitecture
942 _cBK
999 _c2269
_d2269